00449nam a2200133Ia 4500008004100000082001500041100003600056245011400092260003900206300001000245520001100255650002800266700002100294230907s9999||||xx |||||||||||||| ||und|| a621.1bAHM aAhmed Hassan Raza (00000171555) 0aVoltage profile analysis of radial distribution system interconnected with solar and static VAR compensator / aUSPCAS-E, NUST,bIslamabad :c2020 a75 p. aTH-206 aMS-EEP Thesis MS Thesis aDr. Kashif Imran